La cuestión tecnológica y la organización de la investigación agropecuaria en América Latina (Registro nro. 16385)

Detalles MARC
000 -LEADER
fixed length control field 00457 a2200133 4500
001 - CONTROL NUMBER
control field ART_3431
005 - DATE AND TIME OF LATEST TRANSACTION
control field 20260410161714.0
008 - FIXED-LENGTH DATA ELEMENTS--GENERAL INFORMATION
fixed length control field 260409a
100 1# - MAIN ENTRY--PERSONAL NAME
Personal name Piñeiro, Martín E.
245 10 - TITLE STATEMENT
Title La cuestión tecnológica y la organización de la investigación agropecuaria en América Latina
700 1# - ADDED ENTRY--PERSONAL NAME
Personal name Trigo, Eduardo
700 1# - ADDED ENTRY--PERSONAL NAME
Personal name Sábato, Jorge F.
773 0# - HOST ITEM ENTRY
Title Desarrollo económico
Related parts - Vol. 23, Nº 89 (abr./jun. 1983)
Record control number REV1174

No hay ítems disponibles.